| 000 | 00377nam a2200145Ia 4500 | ||
|---|---|---|---|
| 008 | 230917s9999||||xx |||||||||||||| ||und|| | ||
| 040 |
_e34724 _aMAIN |
||
| 041 | _aEnglish | ||
| 082 | _a342.54 S55C | ||
| 100 | _aSen, Sirdar, D K | ||
| 245 | 0 | _aComparative study of the Indian constitution | |
| 260 |
_aBombay _bOrient Longman _c1966 |
||
| 300 | _axlvi, 743 p. | ||
| 942 | _cBK | ||
| 999 |
_c192286 _d192286 |
||